It's a Wonderful Life! - Statistics

General Stats
  • This quiz has been taken 162 times
  • The average score is 16 of 37
Answer Stats
Hint Answer % Correct
"You've been given a great gift ______. A chance to see what the ______ would be like ________ ____." George
85%
Main character George Bailey
85%
His guardian angel Clarence Oddbody
82%
Actor who played ^ Jimmy Stewart
82%
His wife Mary Hatch
78%
Nemesis of main character Henry Potter
74%
"Every time a bell rings ___ ______ _____ ____ ______." an angel gets his wings
67%
world
62%
Two adult friends who sang to him and his wife on their wedding night Bert
60%
"I wish I had a million dollars, ____ ____!" hot dog
57%
Ernie
55%
"No man is a failure who has ________." friends
55%
Amount of money Uncle Billy misplaces $8,000
54%
Director of the movie Frank Capra
53%
Business the main character's father started Bailey Building & Loan
52%
Actress who played ^ Donna Reed
51%
Amount of equity George has in his life insurance policy $500
50%
ear
49%
"I don't know whether I like it or not; being seen with an ______ without any _____." angel
47%
Town where the movie takes place Bedford Falls
47%
without you
47%
Druggist whom he prevented from poisoning a child Mr. Gower
44%
His childhood friend whom he envies as an adult Sam Wainwright
42%
Actor who played ^ Lionel Barrymore
38%
Two things the main character wants to do with his life: ____ ____ ______ see the world
38%
wings
35%
"Youth is wasted on the ______ _______." wrong people
34%
train whistles
24%
and ______ _______ build things
21%
What is happening in the opening scene of the movie people are praying for the main character
16%
Reason the main character cannot fight in WWII: "___ on account of his ____" 4F
14%
Actor who played ^ Henry Travers
10%
"Each man's life touches so many other lives. When he isn't around he leaves an ______ _____, doesn't he?" awful hole
9%
plane motors
9%
According to the main character, the 3 most exciting sounds in the world are anchor chains
8%
House that the main character and his wife live in The Old Granville House
8%
Real-life high school where the graduation night dance was filmed; where the gym floor opens up to reveal a swimming pool underneath Beverly Hills High School
5%
No matching quizzes found
Score Distribution
Percent of People with Each Score
Percentile by Number Answered
Your Score History
You have not taken this quiz